| 000 | 00898nam a22003017a 4500 | ||
|---|---|---|---|
| 001 | 09937 | ||
| 003 | DO-SdBNP | ||
| 005 | 20231002114210.0 | ||
| 007 | 09937 | ||
| 008 | 880201s1993 sp spa | ||
| 016 | 7 | _2BPMSU | |
| 020 | _a8474542758 | ||
| 040 |
_aBPMSU _bspa _cBPMSU |
||
| 082 | 4 |
_aI813.4 _bT969y 1983 _222 |
|
| 100 | 1 |
_aTwain, Mark _d1835-1910 |
|
| 245 | 1 | 0 |
_aUn yanqui en la corte del rey Arturo / _cMark Twain ; traducción, Pedro Elías |
| 250 | _a | ||
| 260 | 1 |
_aBarcelona : _bMundo Actual de Ediciones, _c1983 |
|
| 300 |
_a307 p.: _c20 cm. |
||
| 500 | _a | ||
| 534 |
_aTítulo original : _tConnecticut yankee in King Arthur's court |
||
| 590 | _aInventariado, 2023/VM | ||
| 650 | 4 | _aNovela juvenil estadounidense | |
| 650 | 4 | _aLiteratura estadounidense | |
| 700 | 1 |
_aElías, P. _4tr. |
|
| 910 | _aVMateo V. Control de calidas BPMSU | ||
| 942 |
_2ddc _cBK |
||
| 999 |
_c10861 _d10861 |
||